The Truman Show

Truman Burbank es un hombre corriente y algo ingenuo que ha vivido toda su vida en uno de esos pueblos donde nunca pasa nada. Sin embargo, de repente, unos extraños sucesos le hacen sospechar que algo anormal está ocurriendo. Todos sus amigos son actores, toda su ciudad es un plató, toda su vida est...

Descripción completa

Guardado en:
Autor Principal: Weir, Peter.
Autor Corporativo: Scott Rudin Productions.
Otros Autores: Niccol, Andrew; Guion., Carrey, Jim; Reparto., Linney, Laura; Reparto.
Formato: Deslizar
Idioma:Undetermined
Publicado: Estados Unidos : Paramount Pictures, 1998.
Materias:
Etiquetas: Agregar Etiqueta
Sin Etiquetas, Sea el primero en etiquetar este registro!
LEADER 01158ngm a22002295a 4500
001 CEM.cems020576
008 231025s1998####xx#---############vlund#d
005 20231025190352.0
245 1 0 |a The Truman Show  |h [videograbación] /  |c Peter Weir. 
260 |a Estados Unidos :  |b Paramount Pictures,  |c 1998. 
300 |a 98'. 
538 |a Soporte: DVD -- Formato: AVI – Peso: 929mb -- Resolución: 512 x 288 -- 23.98 fps 
590 |a Identificación anterior: 241 
520 |a Truman Burbank es un hombre corriente y algo ingenuo que ha vivido toda su vida en uno de esos pueblos donde nunca pasa nada. Sin embargo, de repente, unos extraños sucesos le hacen sospechar que algo anormal está ocurriendo. Todos sus amigos son actores, toda su ciudad es un plató, toda su vida está siendo filmada y emitida como el reality más ambicioso de la historia. 
100 1 |a Weir, Peter. 
700 1 |a Niccol, Andrew; Guion. 
700 1 |a Carrey, Jim; Reparto. 
700 1 |a Linney, Laura; Reparto. 
710 2 |a Scott Rudin Productions. 
653 |a LARGOMETRAJE 
653 |a FICCIÓN 
859 |a CEMS  |b BIB. CEMS - Depto. Recursos Didacticos  |h 778.5  |i WEI-2  |k DRD  |p 3185.23  |t Ej.1